| 000 | 00761nam a2200241 a 4500 | ||
|---|---|---|---|
| 001 | 54214 | ||
| 003 | BD-RjUL | ||
| 005 | 20211209080104.0 | ||
| 008 | 161103s1963 enk||||| b||| 001 0 eng d | ||
| 035 | _a(BD-RjUL)54336 | ||
| 040 |
_aBD-RjUL _beng _cBD-RjUL |
||
| 041 | _aeng | ||
| 082 |
_223 _a821.8 _bGOM 1963 |
||
| 100 |
_a Gottfried, Leon _9161798 |
||
| 245 |
_aMatthew Arnold and the Romantics. _cLeon Gottfried |
||
| 250 | _a1st, ed. | ||
| 260 |
_aLondon : _bRoutledge & Kegan paul, _cc1963. |
||
| 300 |
_ax, 277 p. ; _c21 cm. |
||
| 504 | _aIncludes bibliography and index | ||
| 650 |
_a Arnold, Matthew _xCriticism and interpretation _y1822-1888 _9161799 |
||
| 650 |
_aEnglish poetry _xHistory and criticism. _y19th century _9161800 |
||
| 942 |
_2ddc _cBK |
||
| 999 |
_c54214 _d54214 |
||